000 00724nam a2200241 a 4500
001 82007
003 BD-RjUL
005 20230927110912.0
008 230927s1976 ii 000 jcurd d
035 _a(BD-RjUL)82007
040 _aTAU
_beng
_cBD-RjUL
041 _aurd
082 _223
_a891.733
_bANP 1976
090 _a891.783 PUS-B
100 1 _aانصاري, ظ Ansari, Z
_99255
245 1 0 _a:پوشکن Pushkin /
_cby ظ. انصاري ;; Z. Ansari
260 _aNewDelhi :
_bTaraqi urdu,
_c1976
300 _a231 p. :
_bill., facsims., ports.
_c22 cm
600 1 4 _aPushkin, Aleksandr Sergeevich,
_d1799-1837.
_99256
650 4 _vShort stories,
650 4 _aShort stories,
_z Russian
_99257
942 _2ddc
_cBK
999 _c82007
_d82007